000 00754nam a2200277Ia 4500
003 OSt
005 20221006142632.0
006 a|||||r|||| 00| 0
007 ta
008 221006b |||||||| |||| 00| 0 eng d
020 _c1935.00
024 _a6,819
037 _cTextual
040 _aEASL
_cEASL
_beng
041 _2eng
_aeng
082 _aY:1.41.N95, N6
100 _aHANSSON Anders
_9648045
245 0 _aChinese outcasts
_b Discrimination and emancipation in late imperical China
260 _aNew York
_bE.J. Brill
_c1996
300 _a191p.
_ccm.
490 _v CEL
650 _a Chinese outcasts
_9648046
650 _aCEL
942 _hY:1.41.N95, N6
_cTEXL
_2CC
999 _c1074905
_d1074905